Internationale Konzerne

Na minha lista:
Detalhes bibliográficos
Autor principal: Schmidt, Johann-Lorenz
Formato: Livro
Idioma:alemão
Publicado em: Berlin Wirtschaft 1981
Tags: Adicionar Tag
Sem tags, seja o primeiro a adicionar uma tag!

MARC

LEADER 00000nam a2200000 4500
001 c131649
005 20041019155252.9
041 0 |a ger 
044 |a DE 
245 1 0 |a Internationale Konzerne  |c Johann-Lorenz Schmidt 
264 1 |a Berlin  |b Wirtschaft  |c 1981 
300 |a 140 s. 
100 1 |a Schmidt, Johann-Lorenz